000 00906nam a2200301Ia 4500
001 4099
003 IT-RoPAU
008 130308s9999 xx 000 0 und d
040 _aIT-RoPAU
040 _cIT-RoPAU
041 _aITALIANO
100 _aBongioanni Marco
100 _gCodice Aut. SPICS: 9001
245 _aConcilio e gli strumenti di comunicazione sociale (Il)
245 _bDecreto Sugli Strumenti della Comunicazione Sociale (Il)
250 _a1a ed.
260 _aTORINO/LEUMANN
260 _bElle Di Ci
260 _c1968 [1° Ed.:1968 - Ed.Ling.Originale:1968]
300 _a"32 p. (prefazione: no ; testo: 32 [pagine: 301-332])"
500 _aComunicazioni Sociali Realtà viva del Mondo di Oggi e della Chiesa
650 _aCOMMENTI AI DOCUMENTI ECCLESIASTICI
650 _eCodice materia Spics: 9102
942 _cBK
957 _71
999 _c63100
_d63100
999 _bSI
999 _g1